00501 2200193 4500001002100000005001500021008004100036020002300077035001900100041000700119082001100126090001700137100002000154245005100174260002800225300002600253500001200279650001600291INLIS00000000000132920241224112329241224||||||||| | ||| |||| || |  aISBN 979-514-127-9 0010-1224001329 aid0 a370. 1 a370. 1 PUR p0 aNgalim Purwanto00aPrinsip-Prinsip dan Teknik Evaluasi Pengajaran bRemaja Rosdakaryac2012 aviii, 165 hlm.; 21 cm aCet. 17 0aIlmu Sosial